000 00284nam a22001337a 4500
008 170816b xxu||||| |||| 00| 0 eng d
020 _a9780030722431
041 _aeng
080 _24TH
_a311
100 _a36
101 _aSTA
245 _aSTATISTICS
_cWITTE,R.S
942 _2udc
_cBK
999 _c23616
_d23616